| 000 | 00688nam a2200217Ia 4500 | ||
|---|---|---|---|
| 005 | 20220819115213.0 | ||
| 008 | 210716s2007 xx 000 0 und d | ||
| 020 | _a9788173197154 | ||
| 040 | _cAIMIT LIBRARY | ||
| 041 | _aeng | ||
| 082 |
_a574.80285 _21 _bGAUN |
||
| 100 |
_aGautham, N. _955046 |
||
| 245 |
_aBioinformatics : _bdatabases and algorithms / _cBy N Gautham. |
||
| 250 | _a1 | ||
| 260 |
_aNew Delhi : _bNarosa Publishing House ; _c2007. |
||
| 300 |
_axii, 248p. ; _c23.5 cm. |
||
| 650 |
_aData types and databases in molecular biology _955047 |
||
| 650 |
_aSequence alignment _955048 |
||
| 650 |
_aNucleic acid structure _955049 |
||
| 942 |
_2ddc _cBK _e1st _k574.80285 GAUN |
||
| 999 |
_c188537 _d188537 |
||